Perspective for Interior Designers (Record no. 10514)

000 -LEADER
fixed length control field 00303nam a2200121Ia 4500
008 - FIXED-LENGTH DATA ELEMENTS--GENERAL INFORMATION
fixed length control field 220318s9999 xx 000 0 und d
020 ## - INTERNATIONAL STANDARD BOOK NUMBER
International Standard Book Number 9780823040087
082 ## - DEWEY DECIMAL CLASSIFICATION NUMBER
Classification number 729
Item number PIL
100 ## - MAIN ENTRY--PERSONAL NAME
Personal name Pile, John F.
245 #0 - TITLE STATEMENT
Title Perspective for Interior Designers
260 ## - PUBLICATION, DISTRIBUTION, ETC. (IMPRINT)
Name of publisher, distributor, etc Watson-Guptill,
Date of publication, distribution, etc 1989
942 ## - ADDED ENTRY ELEMENTS (KOHA)
Source of classification or shelving scheme
Holdings
Withdrawn status Lost status Source of classification or shelving scheme Damaged status Koha normalized classification for sorting Not for loan Permanent location Current location Date acquired Source of acquisition Cost, normal purchase price Full call number Barcode Date last seen Cost, replacement price Price effective from Koha item type
        729_000000000000000_PIL   BMS College of Architecture, Design and Planning BMS College of Architecture, Design and Planning 2022-03-28 6 1652.15 729 PIL AR-UG2604 2022-03-30 2360.21 2022-03-30 UG Books
Copyright © 2025, The Librarian, Library and Information Centre, BMSCA D&P, Bengaluru. All Rights Reserved
web counter

Powered by Koha